00381nam a2200157Ia 45000010006000000050017000060080041000230410008000640820018000721000025000902450055001152600009001703000028001796500008002076540008002152231020260414150823.0260414t2016||||xx |||||||||||||| ||spa|| aESP a621.317bB17E aBalcells, JosepeAUT 0aEficiencia en el uso de la energía eléctricab c2016 a333 páginas :c23 cm. aTCA aCET